Normal view MARC view
  • Mukhtar, Amir

Entry Personal Name

Number of records used in: 2

001 - CONTROL NUMBER

  • control field: 28703

003 - CONTROL NUMBER IDENTIFIER

  • control field: NUST

005 - DATE AND TIME OF LATEST TRANSACTION

  • control field: 20200229175611.0

008 - FIXED-LENGTH DATA ELEMENTS

  • fixed length control field: 200229|| aca||aabn | a|a d

040 ## - CATALOGING SOURCE

  • Original cataloging agency: NUST
  • Transcribing agency: NUST

100 ## - HEADING--PERSONAL NAME

  • Personal name: Mukhtar, Amir

670 ## - SOURCE DATA FOUND

  • Source citation: Work cat.: (NUST): Mukhtar, Amir, Thermal and Kinetic Studies of Octahydro-1, 3, 5, 7-tetranitro-1, 3, 5, 7-tetrazocine (HMX) /, 2012.
© 2023 Central Library, National University of Sciences and Technology. All Rights Reserved.